000 00714nam a2200241Ia 4500
003 OSt
005 20220925214722.0
006 a|||||r|||| 00| 0
007 ta
008 220923b |||||||| |||| 00| 0 eng d
037 _cGeneral Book
040 _aRTL
_cRTL
_beng
041 _2eng
_aeng
082 _aU.79172.M, A
100 _aSchomburgk Robert H
_9281008
245 0 _aDescription of British guiana
_b Geographical and st
260 _aLondon
_bFrank Cass UK
_c1840
300 _a155p.
_ccm.
490 _aCass Library of West Indian Studies,10
650 _aGeography- America
_9244788
942 _hU.79172.M, A
_cGB
_2CC
999 _c566394
_d566394